000 00335pab a2200145 454500
008 180718b1991 xxu||||| |||| 00| 0 eng d
100 _aRao, U.R.
245 _aThree years of IRS - I A.
260 _c1991
300 _a13
362 _a31 Jun.
650 _aIndian Space Research Organisation
773 _aYojana
909 _a10850
999 _c10850
_d10850